Name the premier league teams 2012-2013 Quiz Stats

 Plays Quiz not verified by Sporcle

Challenge
Share
Tweet
Embed
Score 0/20 Timer 01:30
0 Plays Today
Where there from Team % Correct
London ClubArsenal
93.5%
London ClubChelsea
80.4%
BirminghamAston Villa
76.1%
MerseysideEverton
76.1%
MerseysideLiverpool
73.9%
London ClubFulham
65.2%
(answer)Manchester City
58.7%
(answer)Manchester United
56.5%
(answer) Upon TyneNewcastle United
43.5%
(answer) CityNorwich City
30.4%
Where there from Team % Correct
London ClubQueens Park Rangers
23.9%
(answer)Reading
13%
(answer)Wigan Athletic
6.5%
(answer)Southampton
6.5%
(answer) On-TrentStoke City
4.3%
(answer)Sunderland
4.3%
London ClubTottenham Hotspur
4.3%
London ClubWest Ham United
2.2%
(answer) CitySwansea City
0%
(answer)West Bromwich Albion
0%

You're not logged in!

Compare scores with friends on all Sporcle quizzes.
OR
Log In

You Might Also Like...

Show Comments

Extras

Top Quizzes Today


Score Distribution

Your Account Isn't Verified!

In order to create a playlist on Sporcle, you need to verify the email address you used during registration. Go to your Sporcle Settings to finish the process.

Report this User

Report this user for behavior that violates our Community Guidelines.

Details: